[Event "VI Open Vallee d'Aoste A"]
[Site "Saint Vincent - Chatillon ITA"]
[Date "1998.02.15"]
[Round "9"]
[White "Zelcic, Robert"]
[Black "Godena, Michele"]
[Result "1-0"]
[WhiteElo "2540"]
[BlackElo "2500"]
[PlyCount "72"]
[EventDate "1998.02.07"]

1. e4 e5 2. Nf3 Nc6 3. d4 exd4 4. Nxd4 Qf6 5. Nxc6 Bc5 6. Qd2 Qxc6 7. Bd3 Ne7
8. O-O O-O 9. b4 Bd4 10. c3 Bf6 11. f4 g6 12. Kh1 d5 13. b5 Qe6 14. e5 Bg7 15.
Na3 f6 16. exf6 Qxf6 17. Bb2 Bf5 18. Nc2 Bxd3 19. Qxd3 Rfe8 20. Rae1 Qf7 21. g4
a6 22. f5 gxf5 23. gxf5 axb5 24. Nd4 Rxa2 25. Qb1 Ra6 26. Rg1 Kh8 27. Ne6 Nxf5
28. Ng5 Ng3+ 29. Rxg3 Rxe1+ 30. Qxe1 Qh5 31. Qe7 Ra8 32. c4 d4 33. Qf7 Qd1+ 34.
Rg1 Qc2 35. Bxd4 Qg6 36. Qxg7+ Qxg7 1-0

[Event "VI Open Vallee d'Aoste A"]
[Site "Saint Vincent - Chatillon ITA"]
[Date "1998.02.15"]
[Round "9"]
[White "Zueger, Beat"]
[Black "Yeuillaz, Corrado"]
[Result "1-0"]
[WhiteElo "2445"]
[BlackElo "2250"]
[PlyCount "61"]
[EventDate "1998.02.07"]

1. c4 e5 2. g3 Nf6 3. Bg2 d6 4. Nc3 Nbd7 5. Nf3 c6 6. d4 Be7 7. O-O O-O 8. b3
Re8 9. e4 Rb8 10. Bb2 a6 11. Re1 b5 12. c5 dxc5 13. dxe5 Ng4 14. e6 fxe6 15. e5
Nh6 16. Ne4 Nb6 17. Qc2 c4 18. Rad1 Qc7 19. Nf6+ gxf6 20. exf6 c3 21. Bxc3 Nd5
22. fxe7 Nxc3 23. Qxc3 Rxe7 24. Re5 Nf7 25. Rc5 Bb7 26. Ng5 Rf8 27. Bh3 Nd8 28.
Rxd8 Qxd8 29. Bxe6+ Rxe6 30. Nxe6 Qf6 31. Nxf8 1-0

[Event "VII Weekend A"]
[Site "Ceriano Laghetto ITA"]
[Date "1998.01.??"]
[Round "1"]
[White "Barberi, Alessandro"]
[Black "Crippa, Gabriele"]
[Result "0-1"]
[WhiteElo "2125"]
[BlackElo "1991"]
[PlyCount "62"]
[EventDate "1998.01.31"]

1. d4 Nf6 2. c4 c5 3. d5 b5 4. cxb5 a6 5. b6 g6 6. Nc3 Bg7 7. Nf3 O-O 8. e4 d6
9. Nd2 Nfd7 10. Be2 Nxb6 11. a4 a5 12. O-O Na6 13. Re1 Nb4 14. Nb5 f5 15. f3 e6
16. dxe6 Bxe6 17. exf5 Bxf5 18. Ne4 Bxe4 19. fxe4 Be5 20. Ra3 c4 21. Rh3 Qd7
22. Be3 Qc6 23. Nc3 Rad8 24. Nd5 N6xd5 25. exd5 Qc7 26. Bd4 Bxd4+ 27. Qxd4 Nc2
28. Qh4 Nxe1 29. Qxe1 Qc5+ 30. Kh1 Rde8 31. Qh4 Rf7 0-1

[Event "VII Weekend A"]
[Site "Ceriano Laghetto ITA"]
[Date "1998.01.??"]
[Round "1"]
[White "Bemporad, Filippo"]
[Black "Barlocco, Carlo"]
[Result "1/2-1/2"]
[WhiteElo "2070"]
[BlackElo "2180"]
[PlyCount "95"]
[EventDate "1998.01.31"]

1. d4 Nf6 2. Nf3 e6 3. g3 d5 4. Bg2 Be7 5. O-O c5 6. c4 dxc4 7. Qa4+ Nc6 8. Ne5
Qb6 9. Nxc4 Qd8 10. Ne5 O-O 11. Nxc6 bxc6 12. Bxc6 Bd7 13. dxc5 Bxc6 14. Qxc6
Rc8 15. Qf3 Bxc5 16. Nc3 Qb6 17. Rb1 Qa5 18. Be3 Rfd8 19. Rfd1 Bxe3 20. Qxe3
Nd5 21. Qe5 Qa6 22. Nxd5 exd5 23. Rbc1 Rxc1 24. Rxc1 Qxa2 25. Rc7 h6 26. Kg2 d4
27. Qe7 Rb8 28. b4 Qd5+ 29. f3 a6 30. Ra7 Qa2 31. Qe4 Rd8 32. Qd3 Re8 33. Kf2
Qa1 34. Qc4 Re6 35. Qd5 Qb1 36. Qxd4 Qh1 37. Qh4 Rxe2+ 38. Kxe2 Qg2+ 39. Kd3
Qxf3+ 40. Kc4 Qe2+ 41. Kd5 Qb5+ 42. Ke4 Qxb4+ 43. Kf3 Qc3+ 44. Kg2 Qc2+ 45. Kh3
Qf5+ 46. Kg2 Qc2+ 47. Kh3 Qf5+ 48. Kg2 1/2-1/2

[Event "VII Weekend A"]
[Site "Ceriano Laghetto ITA"]
[Date "1998.01.??"]
[Round "1"]
[White "Lapiccirella, Mattia"]
[Black "Qendro, Llambi"]
[Result "0-1"]
[WhiteElo "2095"]
[BlackElo "2360"]
[PlyCount "116"]
[EventDate "1998.01.31"]

1. d4 g6 2. c4 Bg7 3. Nc3 d6 4. e4 Nc6 5. Be3 e5 6. Nge2 exd4 7. Nxd4 Nge7 8.
Be2 O-O 9. O-O f5 10. exf5 Bxd4 11. Bxd4 Nxf5 12. Be3 Nxe3 13. fxe3 Rxf1+ 14.
Qxf1 Be6 15. Qf4 Qe7 16. Rf1 Re8 17. Kh1 Ne5 18. b3 Nd7 19. Qd4 b6 20. Bg4 Bxg4
21. Qxg4 Ne5 22. Qd4 Rf8 23. Rxf8+ Qxf8 24. Qf4 c6 25. Kg1 Nd3 26. Qxf8+ Kxf8
27. Kf1 Ke7 28. Ke2 Ne5 29. h3 Ke6 30. e4 g5 31. Ke3 Ng6 32. Ne2 Ke5 33. g3 Ne7
34. Nd4 c5 35. Nf3+ Kf6 36. Ne1 Nc6 37. Nd3 Nd4 38. Ne1 a6 39. Nd3 Nc2+ 40. Kd2
Nd4 41. Ke3 h6 42. Nc1 Ke6 43. Ne2 Nc2+ 44. Kd2 Nd4 45. Nc3 Ke5 46. Ke3 Nc2+
47. Kd2 Nd4 48. Ke3 b5 49. cxb5 axb5 50. Nd1 Nc2+ 51. Kd3 Nd4 52. Ke3 b4 53.
Nf2 Nb5 54. Nd3+ Ke6 55. e5 Nc3 56. exd6 Kxd6 57. Nc1 Kd5 58. Kd3 Ne4 0-1

[Event "VII Weekend A"]
[Site "Ceriano Laghetto ITA"]
[Date "1998.01.??"]
[Round "1"]
[White "Sgnaolin, Davide"]
[Black "Nicolo', Filippo"]
[Result "1-0"]
[WhiteElo "2100"]
[BlackElo "1971"]
[PlyCount "59"]
[EventDate "1998.01.31"]

1. e4 e6 2. d4 d5 3. exd5 exd5 4. Nf3 Bd6 5. c4 c6 6. Nc3 Ne7 7. cxd5 cxd5 8.
Be2 Nbc6 9. O-O O-O 10. Bg5 f6 11. Bh4 Bg4 12. Qb3 Kh8 13. Rfd1 Qd7 14. Bg3
Bxg3 15. hxg3 Rad8 16. Rac1 Nf5 17. Qa4 Rfe8 18. Bb5 Re6 19. Ne2 a6 20. Bd3 Rd6
21. Bxf5 Bxf5 22. Nf4 g5 23. Nd3 Be4 24. Nc5 Qf7 25. Qb3 Qh5 26. Nxb7 f5 27.
Nxd6 Rxd6 28. Rxc6 Rxc6 29. Qb8+ Kg7 30. Qb7+ 1-0

[Event "VII Weekend A"]
[Site "Ceriano Laghetto ITA"]
[Date "1998.01.??"]
[Round "2"]
[White "Barlocco, Carlo"]
[Black "Sgnaolin, Davide"]
[Result "1-0"]
[WhiteElo "2180"]
[BlackElo "2100"]
[PlyCount "119"]
[EventDate "1998.01.31"]

1. d4 d5 2. c4 e6 3. Nc3 c5 4. cxd5 exd5 5. g3 Nc6 6. Nf3 Nf6 7. Bg2 Be7 8. O-O
O-O 9. Bg5 cxd4 10. Nxd4 h6 11. Be3 Re8 12. Rc1 Bf8 13. Nxc6 bxc6 14. Bd4 Bd7
15. Re1 Nh7 16. Na4 Ng5 17. Bc5 Ne4 18. Bxf8 Kxf8 19. Nc5 Nxc5 20. Rxc5 Qb6 21.
Qc2 Bf5 22. e4 Bxe4 23. Bxe4 Qb4 24. Re3 Rxe4 25. Rxe4 dxe4 26. Rxc6 a5 27. Rc4
Qe1+ 28. Kg2 Re8 29. Qc3 Qe2 30. Qa3+ Kg8 31. Rc3 Rb8 32. b3 Qb5 33. Qc5 Qb7
34. Qc6 Qxc6 35. Rxc6 Rb5 36. Rc4 f5 37. Kf1 Kf7 38. Ke2 Rd5 39. Rc6 Ke7 40. h4
Kf7 41. h5 f4 42. gxf4 Rxh5 43. Ke3 Rb5 44. Ra6 h5 45. Kxe4 h4 46. Kf3 h3 47.
Kg3 Rh5 48. Kh2 Rh4 49. f5 Rf4 50. Rxa5 Rxf2+ 51. Kxh3 Kf6 52. Kg4 Rf1 53. Ra6+
Ke5 54. Re6+ Kd5 55. Re2 Kc5 56. Kg5 Kb4 57. Rg2 Rd1 58. Kg6 Rd7 59. Rh2 Ka3
60. Rh7 1-0

[Event "VII Weekend A"]
[Site "Ceriano Laghetto ITA"]
[Date "1998.01.??"]
[Round "2"]
[White "Crippa, Gabriele"]
[Black "Bemporad, Filippo"]
[Result "1-0"]
[WhiteElo "1991"]
[BlackElo "2070"]
[PlyCount "87"]
[EventDate "1998.01.31"]

1. d4 d5 2. Nf3 Nf6 3. c4 c6 4. e3 e6 5. Nbd2 Bd6 6. Bd3 Nbd7 7. O-O O-O 8. e4
dxe4 9. Nxe4 Nxe4 10. Bxe4 e5 11. dxe5 Nxe5 12. Nxe5 f5 13. Bd5+ cxd5 14. Qxd5+
Kh8 15. Nf7+ Rxf7 16. Qxf7 h6 17. Qh5 Qf6 18. Bd2 Be5 19. Rfe1 Bd7 20. Bg5
Bxh2+ 21. Kxh2 Qxg5 22. Qxg5 hxg5 23. b4 a6 24. a4 Rc8 25. Re7 Bc6 26. f3 Ra8
27. Rae1 Bxa4 28. Rxb7 Rc8 29. Re6 Rxc4 30. Rxa6 Bd1 31. Rd7 Be2 32. Ra2 Bf1
33. Rd1 Rh4+ 34. Kg1 Bb5 35. Rb2 Rf4 36. Rd5 Bc4 37. Rc5 g4 38. Kf2 g5 39. Ke3
Bf1 40. b5 Bxg2 41. Rxg2 Rxf3+ 42. Ke2 Kg7 43. b6 Rb3 44. Rxf5 1-0

[Event "VII Weekend A"]
[Site "Ceriano Laghetto ITA"]
[Date "1998.01.??"]
[Round "2"]
[White "Lapiccirella, Mattia"]
[Black "Barberi, Alessandro"]
[Result "0-1"]
[WhiteElo "2095"]
[BlackElo "2125"]
[PlyCount "50"]
[EventDate "1998.01.31"]

1. d4 Nf6 2. c4 e5 3. dxe5 Ng4 4. Nf3 Bc5 5. e3 Nc6 6. Be2 O-O 7. Nc3 Re8 8.
O-O Ngxe5 9. Nxe5 Nxe5 10. a3 a5 11. b3 Bf8 12. Bb2 Ra6 13. Nb5 Rh6 14. Bxe5
Rxe5 15. Qd4 Ree6 16. g3 b6 17. Bf3 Bc5 18. Qc3 Reg6 19. Bg2 Bb7 20. Bxb7 Qh4
21. Rfd1 Qxh2+ 22. Kf1 Rf6 23. Ra2 Qxg3 24. Nd4 c6 25. Rdd2 Qg4 0-1

[Event "VII Weekend A"]
[Site "Ceriano Laghetto ITA"]
[Date "1998.01.??"]
[Round "2"]
[White "Qendro, Llambi"]
[Black "Nicolo', Filippo"]
[Result "1/2-1/2"]
[WhiteElo "2360"]
[BlackElo "1971"]
[PlyCount "41"]
[EventDate "1998.01.31"]

1. d4 d5 2. c4 c6 3. cxd5 cxd5 4. Nf3 Nc6 5. Nc3 Nf6 6. Bf4 Bf5 7. e3 e6 8. Ne5
Nxe5 9. Bxe5 Nd7 10. Qb3 Nxe5 11. dxe5 Be7 12. Bb5+ Kf8 13. O-O g5 14. Rfe1 Qc7
15. e4 dxe4 16. Nxe4 Qxe5 17. Ng3 Qf4 18. Rad1 Rc8 19. Bd3 Bg6 20. Bxg6 hxg6
21. Qxb7 1/2-1/2

[Event "VII Weekend A"]
[Site "Ceriano Laghetto ITA"]
[Date "1998.01.??"]
[Round "3"]
[White "Barberi, Alessandro"]
[Black "Qendro, Llambi"]
[Result "0-1"]
[WhiteElo "2125"]
[BlackElo "2360"]
[PlyCount "30"]
[EventDate "1998.01.31"]

1. d4 g6 2. e4 Bg7 3. Bc4 c6 4. Qf3 d5 5. exd5 Nf6 6. dxc6 Nxc6 7. c3 O-O 8.
Be3 e5 9. Ne2 Bg4 10. Qg3 Bxe2 11. Bxe2 exd4 12. cxd4 Nxd4 13. Bxd4 Qxd4 14.
O-O Qxb2 15. Nc3 Rac8 0-1

[Event "VII Weekend A"]
[Site "Ceriano Laghetto ITA"]
[Date "1998.01.??"]
[Round "3"]
[White "Bemporad, Filippo"]
[Black "Lapiccirella, Mattia"]
[Result "1-0"]
[WhiteElo "2070"]
[BlackElo "2095"]
[PlyCount "67"]
[EventDate "1998.01.31"]

1. d4 Nf6 2. Nf3 g6 3. c4 Bg7 4. Nc3 O-O 5. e4 d6 6. Be2 e5 7. O-O Nc6 8. d5
Ne7 9. Ne1 Nd7 10. Nd3 f5 11. f3 Nf6 12. Bd2 f4 13. g4 fxg3 14. hxg3 h5 15. Kg2
Rf7 16. Be3 Qf8 17. Nb5 Ne8 18. Nxa7 Bd7 19. Nb5 Bh6 20. Qd2 Bxe3 21. Qxe3 Qg7
22. Rh1 c6 23. Nc3 Nf6 24. Raf1 g5 25. a3 h4 26. g4 Ng6 27. Bd1 Raf8 28. c5 Qh6
29. dxc6 bxc6 30. Bb3 h3+ 31. Rxh3 Nh4+ 32. Rxh4 Qxh4 33. Rh1 Nxg4 34. Qg1 1-0

[Event "VII Weekend A"]
[Site "Ceriano Laghetto ITA"]
[Date "1998.01.??"]
[Round "3"]
[White "Nicolo', Filippo"]
[Black "Barlocco, Carlo"]
[Result "0-1"]
[WhiteElo "1971"]
[BlackElo "2180"]
[PlyCount "36"]
[EventDate "1998.01.31"]

1. e4 Nf6 2. Nc3 e5 3. Bc4 Bb4 4. f4 O-O 5. fxe5 Nxe4 6. Nf3 d6 7. O-O Ng5 8.
d4 Nxf3+ 9. Qxf3 dxe5 10. Be3 exd4 11. Rad1 Nc6 12. Bxf7+ Kh8 13. Qh5 Be6 14.
Bg5 Bxf7 15. Rxf7 Qe8 16. Rxf8+ Bxf8 17. Qxe8 Rxe8 18. Nb5 Re5 0-1

[Event "VII Weekend A"]
[Site "Ceriano Laghetto ITA"]
[Date "1998.01.??"]
[Round "3"]
[White "Sgnaolin, Davide"]
[Black "Crippa, Gabriele"]
[Result "0-1"]
[WhiteElo "2100"]
[BlackElo "1991"]
[PlyCount "56"]
[EventDate "1998.01.31"]

1. e4 e6 2. d4 d5 3. Nc3 Bb4 4. Nge2 dxe4 5. a3 Bxc3+ 6. Nxc3 Nc6 7. Bb5 Nge7
8. Nxe4 Qd5 9. Qd3 a6 10. c4 Qf5 11. Ba4 O-O 12. Bc2 e5 13. d5 Nd4 14. Bb1 Qg6
15. Bd2 Bf5 16. Rg1 b5 17. b3 bxc4 18. bxc4 Rfb8 19. Bb4 c5 20. Bc3 Rxb1+ 21.
Qxb1 Bxe4 22. Qb7 Re8 23. Qd7 f5 24. Rd1 f4 25. Bxd4 exd4 26. Kd2 Nc8 27. Rge1
Nd6 28. Rc1 f3 0-1

[Event "VII Weekend A"]
[Site "Ceriano Laghetto ITA"]
[Date "1998.01.??"]
[Round "4"]
[White "Barberi, Alessandro"]
[Black "Bemporad, Filippo"]
[Result "1-0"]
[WhiteElo "2125"]
[BlackElo "2070"]
[PlyCount "57"]
[EventDate "1998.01.31"]

1. d4 d5 2. c4 c6 3. Nc3 Nf6 4. Nf3 dxc4 5. a4 Bf5 6. Ne5 e6 7. Nxc4 Bb4 8. g3
Ne4 9. Qb3 Na6 10. Be3 O-O 11. Bg2 c5 12. Rd1 Qe7 13. O-O cxd4 14. Bxd4 Bxc3
15. bxc3 Nec5 16. Qa3 Bc2 17. Rd2 Bxa4 18. Be5 Rac8 19. Rb2 Bc6 20. Nd6 Nd7 21.
Bxc6 bxc6 22. Qxa6 Rc7 23. Nf5 exf5 24. Bxc7 Nc5 25. Qa5 Ne6 26. Rb8 Rxb8 27.
Bxb8 h6 28. Bxa7 Ng5 29. h4 1-0

[Event "VII Weekend A"]
[Site "Ceriano Laghetto ITA"]
[Date "1998.01.??"]
[Round "4"]
[White "Crippa, Gabriele"]
[Black "Nicolo', Filippo"]
[Result "1-0"]
[WhiteElo "1991"]
[BlackElo "1971"]
[PlyCount "46"]
[EventDate "1998.01.31"]

1. d4 f5 2. g3 Nf6 3. Bg2 g6 4. Nf3 Bg7 5. b3 O-O 6. Bb2 d6 7. O-O Qe8 8. d5 e5
9. dxe6 Nc6 10. Nbd2 Bxe6 11. e3 h6 12. Qe2 Qf7 13. Rae1 Rae8 14. Qb5 Bc8 15.
a3 a6 16. Qd3 g5 17. c4 Ne5 18. Qc2 Qh5 19. c5 Nfg4 20. h3 Nxf3+ 21. Nxf3 Ne5
22. Nxe5 Bxe5 23. cxd6 cxd6 1-0

[Event "VII Weekend A"]
[Site "Ceriano Laghetto ITA"]
[Date "1998.01.??"]
[Round "4"]
[White "Qendro, Llambi"]
[Black "Barlocco, Carlo"]
[Result "1-0"]
[WhiteElo "2360"]
[BlackElo "2180"]
[PlyCount "123"]
[EventDate "1998.01.31"]

1. d4 d5 2. c4 e6 3. cxd5 exd5 4. Nc3 Nf6 5. Bf4 Bd6 6. Bg3 O-O 7. e3 c5 8. Nf3
Nc6 9. Be2 Bf5 10. O-O c4 11. Bh4 Be7 12. Ne5 Qa5 13. g4 Bg6 14. f4 h6 15. Bxf6
gxf6 16. Nf3 f5 17. Ne5 Rfe8 18. Nxg6 fxg6 19. gxf5 Bb4 20. Qd2 Ne7 21. Bg4
Bxc3 22. bxc3 Nxf5 23. Bxf5 gxf5 24. Kh1 Qa6 25. Rg1+ Kh7 26. Qg2 Qf6 27. Qxd5
Rac8 28. Qxb7+ Qe7 29. Rab1 Rc7 30. Qd5 Qe4+ 31. Qxe4 Rxe4 32. Rg3 Re6 33. Rb5
Ra6 34. Rg2 Ra3 35. Rc2 Kg6 36. Kg2 Rc6 37. Kf3 Rca6 38. Rbb2 Kf6 39. e4 fxe4+
40. Kxe4 Re6+ 41. Kd5 Kf5 42. Kxc4 Kxf4 43. Rf2+ Kg4 44. Rb3 Raa6 45. d5 Re1
46. Kb5 Rd6 47. c4 Rd8 48. Rg3+ Kh4 49. Rf4+ Kh5 50. Rf5+ Kh4 51. Rf6 Kh5 52.
Rh3+ Kg5 53. Rhxh6 Ra1 54. Rhg6+ Kh5 55. Rg2 Rc8 56. Rc6 Rb8+ 57. Kc5 Rc1 58.
Rc7 Kh6 59. Rd2 a5 60. d6 Rf1 61. d7 Rd8 62. Rc8 1-0

[Event "VII Weekend A"]
[Site "Ceriano Laghetto ITA"]
[Date "1998.01.??"]
[Round "5"]
[White "Barlocco, Carlo"]
[Black "Crippa, Gabriele"]
[Result "1-0"]
[WhiteElo "2180"]
[BlackElo "1991"]
[PlyCount "113"]
[EventDate "1998.01.31"]

1. d4 Nf6 2. c4 c5 3. e3 g6 4. Nc3 cxd4 5. exd4 Bg7 6. Nf3 O-O 7. Bg5 d6 8. Be2
Na6 9. O-O Nc7 10. Re1 Bf5 11. Bf1 Re8 12. h3 a6 13. Qb3 Rc8 14. a4 a5 15. Qxb7
Rb8 16. Qa7 Ra8 17. Qb6 Bc2 18. Nb5 Ne6 19. Qxd8 Rexd8 20. Bd2 Be4 21. Ng5 Bc2
22. Nxe6 fxe6 23. Nc7 Ra7 24. Nxe6 Rb8 25. Nxg7 Kxg7 26. Bc3 Ne4 27. Rec1 Bb3
28. c5 dxc5 29. dxc5+ Nxc3 30. Rxc3 Rc7 31. Bb5 Bd5 32. c6 Kf6 33. Rac1 e6 34.
f3 Ke5 35. Kf2 Kd6 36. Ke3 g5 37. R1c2 Rf8 38. Bd3 h6 39. Be4 Rb8 40. Bxd5 exd5
41. Rc5 Rb3+ 42. Kd2 Rb4 43. Rxa5 Rxc6 44. Rxc6+ Kxc6 45. Kc3 Rc4+ 46. Kb3 Rc1
47. Ra6+ Kc7 48. Re6 Rg1 49. Re2 Kc6 50. Kc3 Rc1+ 51. Rc2 Ra1 52. b4 Kb6 53.
a5+ Kb5 54. Rb2 Rg1 55. Ra2 Rc1+ 56. Kd4 Rd1+ 57. Ke5 1-0

[Event "VII Weekend A"]
[Site "Ceriano Laghetto ITA"]
[Date "1998.01.??"]
[Round "5"]
[White "Bemporad, Filippo"]
[Black "Qendro, Llambi"]
[Result "0-1"]
[WhiteElo "2070"]
[BlackElo "2360"]
[PlyCount "51"]
[EventDate "1998.01.31"]

1. d4 g6 2. Nf3 Bg7 3. c4 d6 4. Nc3 Bg4 5. e4 Nc6 6. Be3 e5 7. d5 Nd4 8. Be2
Nxe2 9. Qxe2 b6 10. h3 Bd7 11. g4 Nf6 12. O-O-O O-O 13. Nd2 a6 14. Rdg1 b5 15.
c5 b4 16. Nd1 Bb5 17. Qf3 c6 18. h4 cxd5 19. exd5 dxc5 20. Ne4 Nxd5 21. h5 Nf4
22. hxg6 fxg6 23. Bxf4 Rxf4 24. Qe3 Qd4 25. Ng5 h6 26. Ne6 0-1

[Event "VII Weekend A"]
[Site "Ceriano Laghetto ITA"]
[Date "1998.01.??"]
[Round "5"]
[White "Nicolo', Filippo"]
[Black "Lapiccirella, Mattia"]
[Result "1-0"]
[WhiteElo "1971"]
[BlackElo "2095"]
[PlyCount "55"]
[EventDate "1998.01.31"]

1. e4 c5 2. Nf3 Nc6 3. d4 cxd4 4. Nxd4 Nf6 5. Nc3 d6 6. Bc4 e6 7. Be3 a6 8. Qe2
Qc7 9. O-O-O Na5 10. Bd3 b5 11. g4 b4 12. Nb1 Bb7 13. Nd2 d5 14. e5 Ne4 15. f4
Nxd2 16. Bxd2 Nc4 17. f5 Bc5 18. Nb3 Nxd2 19. Rxd2 Qb6 20. Nxc5 Qxc5 21. fxe6
fxe6 22. Rf1 Ra7 23. g5 Bc8 24. Qh5+ Kd8 25. Kb1 Re7 26. Rdf2 Kc7 27. Rf7 g6
28. Bxg6 1-0

[Event "VII Weekend A"]
[Site "Ceriano Laghetto ITA"]
[Date "1998.01.??"]
[Round "5"]
[White "Sgnaolin, Davide"]
[Black "Barberi, Alessandro"]
[Result "1-0"]
[WhiteElo "2100"]
[BlackElo "2125"]
[PlyCount "59"]
[EventDate "1998.01.31"]

1. e4 c5 2. Nf3 d6 3. d4 cxd4 4. Nxd4 Nf6 5. Nc3 g6 6. g3 Bg7 7. Bg2 O-O 8. O-O
Nc6 9. Nde2 Qa5 10. Nf4 Rd8 11. h3 Bd7 12. Ncd5 Rac8 13. c3 e6 14. Nxf6+ Bxf6
15. Be3 Be8 16. Qb3 Qc7 17. Rac1 Na5 18. Qc2 b5 19. Qe2 Bc6 20. Rcd1 Nc4 21.
Bc1 a5 22. Kh2 Bb7 23. a3 Qb6 24. Nd3 Bg7 25. f4 d5 26. e5 d4 27. cxd4 Bxg2 28.
Qxg2 Qxd4 29. Nf2 Qb6 30. Ne4 1-0

[Event "VII Weekend A"]
[Site "Ceriano Laghetto ITA"]
[Date "1998.01.??"]
[Round "6"]
[White "Barberi, Alessandro"]
[Black "Nicolo', Filippo"]
[Result "0-1"]
[WhiteElo "2125"]
[BlackElo "1971"]
[PlyCount "60"]
[EventDate "1998.01.31"]

1. d4 f5 2. Nc3 d5 3. Bg5 g6 4. f3 Bg7 5. Qd2 Nc6 6. e4 dxe4 7. d5 Ne5 8. O-O-O
Nf7 9. Bf4 g5 10. Be3 f4 11. Bd4 e3 12. Qd3 Nf6 13. h4 O-O 14. hxg5 Nxg5 15.
Nge2 Ne8 16. Nxf4 Rxf4 17. Bxe3 Rf5 18. f4 Nf7 19. g4 Rf6 20. Qxh7+ Kf8 21. f5
Qd6 22. Bd3 Qb4 23. a3 Qxg4 24. Rdg1 Qf3 25. Rh3 Qxe3+ 26. Rxe3 Rh6 27. Rxg7
Nxg7 28. Qg6 Rxg6 29. fxg6 Nd6 30. Rf3+ Kg8 0-1

[Event "VII Weekend A"]
[Site "Ceriano Laghetto ITA"]
[Date "1998.01.??"]
[Round "6"]
[White "Bemporad, Filippo"]
[Black "Sgnaolin, Davide"]
[Result "1/2-1/2"]
[WhiteElo "2070"]
[BlackElo "2100"]
[PlyCount "94"]
[EventDate "1998.01.31"]

1. d4 d5 2. Nf3 e6 3. g3 c5 4. Bg2 Nc6 5. O-O Nf6 6. b3 Be7 7. Bb2 O-O 8. e3 b6
9. Nbd2 Ba6 10. Re1 Rc8 11. Ne5 Nxe5 12. dxe5 Nd7 13. c4 dxc4 14. Nxc4 Bxc4 15.
bxc4 Nb8 16. Qa4 Qc7 17. Rad1 Rfd8 18. Be4 g6 19. f4 Rd7 20. Rxd7 Qxd7 21. Qxd7
Nxd7 22. Kf2 Kf8 23. Ke2 Nb8 24. Rd1 Rc7 25. Bc3 Rd7 26. Rb1 Ke8 27. a4 Kd8 28.
a5 Kc7 29. g4 Nc6 30. axb6+ axb6 31. Ra1 Rd8 32. g5 h5 33. gxh6 Rh8 34. Bxc6
Kxc6 35. Ra7 Bd8 36. Rxf7 Rxh6 37. Rg7 Rxh2+ 38. Kf3 Rh3+ 39. Ke4 Rh6 40. Be1
b5 41. cxb5+ Kxb5 42. Rd7 Rh8 43. Rd6 Re8 44. Rd7 Rg8 45. Ra7 Kb6 46. Rd7 Kb5
47. Ra7 Kb6 1/2-1/2

[Event "VII Weekend A"]
[Site "Ceriano Laghetto ITA"]
[Date "1998.01.??"]
[Round "6"]
[White "Lapiccirella, Mattia"]
[Black "Barlocco, Carlo"]
[Result "0-1"]
[WhiteElo "2095"]
[BlackElo "2180"]
[PlyCount "42"]
[EventDate "1998.01.31"]

1. d4 d5 2. Nf3 c6 3. c4 Nf6 4. cxd5 cxd5 5. Nc3 Nc6 6. Bf4 e6 7. e3 Be7 8. Be2
Nh5 9. Bg3 O-O 10. Ne5 Nxg3 11. Nxc6 bxc6 12. hxg3 c5 13. Qc2 g6 14. O-O-O cxd4
15. exd4 Bd7 16. g4 Qb6 17. Rd3 Rfc8 18. f4 Bf6 19. Rdh3 Qxd4 20. Rxh7 Qxf4+
21. Kb1 Rab8 0-1

[Event "VII Weekend A"]
[Site "Ceriano Laghetto ITA"]
[Date "1998.01.??"]
[Round "6"]
[White "Qendro, Llambi"]
[Black "Crippa, Gabriele"]
[Result "1-0"]
[WhiteElo "2360"]
[BlackElo "1991"]
[PlyCount "39"]
[EventDate "1998.01.31"]

1. d4 Nf6 2. c4 c5 3. d5 b5 4. a4 bxc4 5. Nc3 g6 6. e4 d6 7. Bxc4 Bg7 8. Nf3
O-O 9. O-O Nbd7 10. Re1 Rb8 11. Qc2 Rb4 12. Na2 Rb8 13. Rb1 Nb6 14. b4 Nxc4 15.
Qxc4 e6 16. Bg5 exd5 17. exd5 Bf5 18. Rbc1 cxb4 19. Nxb4 Qa5 20. Nc6 1-0

[Event "VII Weekend A"]
[Site "Ceriano Laghetto ITA"]
[Date "1998.01.??"]
[Round "7"]
[White "Barlocco, Carlo"]
[Black "Barberi, Alessandro"]
[Result "1-0"]
[WhiteElo "2180"]
[BlackElo "2125"]
[PlyCount "45"]
[EventDate "1998.01.31"]

1. d4 Nf6 2. c4 e5 3. dxe5 Ng4 4. Bf4 Nc6 5. Nf3 Bb4+ 6. Nbd2 Qe7 7. e3 Ngxe5
8. Be2 Nxf3+ 9. Bxf3 Ne5 10. Be2 d6 11. O-O Bxd2 12. Qxd2 Bd7 13. Rfd1 g5 14.
Bg3 h5 15. c5 Rh6 16. cxd6 cxd6 17. f4 gxf4 18. exf4 Ng4 19. Bxg4 Bxg4 20. f5
Qf8 21. Re1+ Kd7 22. Qd5 Rc8 23. h3 1-0

[Event "VII Weekend A"]
[Site "Ceriano Laghetto ITA"]
[Date "1998.01.??"]
[Round "7"]
[White "Crippa, Gabriele"]
[Black "Lapiccirella, Mattia"]
[Result "1-0"]
[WhiteElo "1991"]
[BlackElo "2095"]
[PlyCount "81"]
[EventDate "1998.01.31"]

1. d4 Nf6 2. Nf3 g6 3. Bf4 Bg7 4. e3 O-O 5. h3 c5 6. c3 d6 7. Be2 Nc6 8. Nbd2
a6 9. a4 b6 10. O-O Bb7 11. Re1 Nd7 12. Bg5 Re8 13. Qb3 Qc7 14. Nc4 Rab8 15. d5
Na5 16. Nxa5 bxa5 17. Qd1 Nb6 18. e4 e6 19. dxe6 fxe6 20. Qc2 d5 21. Nd2 Nd7
22. Bh4 Rbc8 23. exd5 exd5 24. Bg4 Bc6 25. Nf3 Qb7 26. Be6+ Kh8 27. Ng5 Rf8 28.
Nf7+ Rxf7 29. Bxf7 Ne5 30. Be6 Re8 31. Bg4 Rf8 32. Bg3 Nxg4 33. hxg4 Qd7 34.
Qe2 d4 35. cxd4 cxd4 36. Be5 Bxa4 37. Bxg7+ Kxg7 38. Qe5+ Kg8 39. Rxa4 Qxa4 40.
Qd5+ Kh8 41. Re7 1-0

[Event "VII Weekend A"]
[Site "Ceriano Laghetto ITA"]
[Date "1998.01.??"]
[Round "7"]
[White "Nicolo', Filippo"]
[Black "Bemporad, Filippo"]
[Result "1-0"]
[WhiteElo "1971"]
[BlackElo "2070"]
[PlyCount "41"]
[EventDate "1998.01.31"]

1. e4 c5 2. Nf3 d6 3. d4 cxd4 4. Nxd4 Nf6 5. Nc3 e6 6. Bc4 a6 7. Bb3 Be7 8. g4
d5 9. exd5 Nxd5 10. Nxd5 exd5 11. Nf5 Bxf5 12. gxf5 d4 13. Qg4 Bf6 14. Bd2 Qe7+
15. Kf1 O-O 16. Rg1 Kh8 17. Rg3 g6 18. Rh3 Nc6 19. Re1 Qd7 20. Rxh7+ Kg8 21.
Qxg6+ 1-0

[Event "VII Weekend A"]
[Site "Ceriano Laghetto ITA"]
[Date "1998.01.??"]
[Round "7"]
[White "Sgnaolin, Davide"]
[Black "Qendro, Llambi"]
[Result "1/2-1/2"]
[WhiteElo "2100"]
[BlackElo "2360"]
[PlyCount "30"]
[EventDate "1998.01.31"]

1. e4 g6 2. d4 Bg7 3. Nf3 c6 4. c3 d5 5. Nbd2 Nf6 6. Bd3 dxe4 7. Nxe4 Nxe4 8.
Bxe4 O-O 9. O-O Nd7 10. Re1 c5 11. dxc5 Nxc5 12. Bc2 Qxd1 13. Rxd1 Bg4 14. Rd5
b6 15. Be3 Rac8 1/2-1/2

[Event "XXX C.to Italiano a squadre A1 Nord"]
[Site "ITA"]
[Date "1998.03.22"]
[Round "3"]
[White "Lampic, Teo"]
[Black "Negro, Pierguido"]
[Result "1-0"]
[WhiteElo "2295"]
[BlackElo "1955"]
[PlyCount "75"]
[EventDate "1998.02.22"]

1. e4 c5 2. c3 d6 3. d4 Nf6 4. dxc5 Nc6 5. f3 d5 6. Bg5 dxe4 7. Qxd8+ Kxd8 8.
Nd2 h6 9. Bxf6 gxf6 10. Nxe4 a5 11. Bb5 f5 12. Nf2 Rg8 13. g3 e5 14. Nd3 e4 15.
fxe4 fxe4 16. Bxc6 bxc6 17. Ne5 Kc7 18. Ne2 f6 19. Nc4 Bxc5 20. Rf1 Be6 21. Nd2
f5 22. Nb3 Bb6 23. Nbd4 Bd7 24. O-O-O Raf8 25. Nf4 Re8 26. Rde1 c5 27. Nd5+ Kb7
28. Nxf5 Bxf5 29. Rxf5 Bd8 30. Rf7+ Kc6 31. c4 Rg6 32. Ra7 Rg5 33. Kc2 Rf5 34.
Re2 h5 35. Ra6+ Kb7 36. Rh6 Rg5 37. Rh7+ Kc6 38. Nf4 {...} 1-0